[Event "Asuncion Clasificatorio op 4th"]
[Site "Asuncion"]
[Date "2018.06.11"]
[Round "7"]
[White "Avalos Arguello, Jose Mathias"]
[Black "Diaz, Ramon"]
[Result "1/2-1/2"]
[WhiteElo "1706"]
[BlackElo "1902"]
[PlyCount "121"]
[EventDate "2018.06.08"]
[EventType "swiss"]
[EventRounds "7"]
[EventCountry "PAR"]
[SourceTitle "CBM 184 Extra"]
[Source "ChessBase"]
[SourceDate "2018.06.28"]
[SourceVersion "1"]
[SourceVersionDate "2018.06.28"]
[SourceQuality "1"]

1. d4 d5 2. c4 e6 3. Nc3 c6 4. e4 dxe4 5. Nxe4 Nf6 6. Nxf6+ Qxf6 7. Nf3 Bb4+ 8. Bd2 Bxd2+ 9. Qxd2 0-0 10. Bd3 Nd7 11. 0-0 e5 12. Ng5 g6 13. Ne4 Qe7 14. Bc2 exd4 15. Qxd4 Qe5 16. Rad1 Qxd4 17. Rxd4 Kg7 18. Rfd1 Nb6 19. Nd6 c5 20. R4d2 Be6 21. b3 Rab8 22. Be4 Bc8 23. Nb5 a6 24. Nd6 Bg4 25. f3 Bc8 26. Nxc8 Nxc8 27. Rd7 b5 28. cxb5 axb5 29. Rc7 c4 30. bxc4 bxc4 31. Rxc4 Rb2 32. Rc2 Rb6 33. Rc7 Nd6 34. Rc6 Rxc6 35. Bxc6 Nc4 36. Rc1 Ne5 37. Bb5 Ra8 38. a4 Ra7 39. Re1 Kf6 40. f4 Ng4 41. h3 Nh6 42. g4 g5 43. f5 Ng8 44. Kf2 Ne7 45. Rd1 Ra8 46. Rd7 Ra5 47. Rd6+ Ke5 48. Ra6 Rxa6 49. Bxa6 Nc6 50. Bb5 Na5 51. Ke3 f6 52. Kd3 Kd5 53. Kc3 Kc5 54. Be8 h6 55. Bf7 Nc6 56. Be8 Na5 57. Kd3 Nc4 58. Bb5 Na5 59. Ke4 Nb7 60. Bd7 Nd6+ 61. Kd3 1/2-1/2

[Event "Asuncion Clasificatorio op 4th"]
[Site "Asuncion"]
[Date "2018.06.09"]
[Round "3"]
[White "Benitez Galeano, Alejandro"]
[Black "Diaz, Ramon"]
[Result "1-0"]
[WhiteElo "2121"]
[BlackElo "1902"]
[PlyCount "69"]
[EventDate "2018.06.08"]
[EventType "swiss"]
[EventRounds "7"]
[EventCountry "PAR"]
[SourceTitle "CBM 184 Extra"]
[Source "ChessBase"]
[SourceDate "2018.06.28"]
[SourceVersion "1"]
[SourceVersionDate "2018.06.28"]
[SourceQuality "1"]

1. Nf3 d5 2. g3 Nf6 3. Bg2 g6 4. 0-0 Bg7 5. c4 c6 6. cxd5 cxd5 7. d4 0-0 8. Ne5 Nc6 9. Nxc6 bxc6 10. Nc3 Bf5 11. Bf4 Nh5 12. Be3 Qd7 13. Qa4 Rfc8 14. Rfd1 Nf6 15. Rac1 Ng4 16. Bf4 Qb7 17. b3 e5 18. dxe5 Nxe5 19. e4 Bg4 20. exd5 Bxd1 21. dxc6 Qe7 22. Rxd1 Qc5 23. Nd5 Ng4 24. Ne3 Ne5 25. b4 Qf8 26. b5 Rd8 27. Nd5 Rac8 28. Qxa7 Kh8 29. Qe3 Nxc6 30. bxc6 Rxc6 31. Qb3 Ra6 32. a4 Qe8 33. Nc7 Rb8 34. Qd3 Qxa4 35. Nxa6 1-0

[Event "Asuncion Clasificatorio op 3rd"]
[Site "Asuncion"]
[Date "2015.07.19"]
[Round "5.2"]
[White "Morales, Ever"]
[Black "Diaz, Ramon"]
[Result "1-0"]
[WhiteElo "1980"]
[BlackElo "1915"]
[PlyCount "81"]
[EventDate "2015.07.17"]
[EventType "swiss"]
[EventRounds "7"]
[EventCountry "PAR"]
[SourceTitle "EXT 2023"]
[Source "ChessBase"]
[SourceDate "2022.10.05"]
[SourceVersion "1"]
[SourceVersionDate "2022.10.05"]
[SourceQuality "1"]

1. e4 e6 2. d4 d5 3. e5 c5 4. c3 Nc6 5. Nf3 Qb6 6. a3 cxd4 7. cxd4 f6 8. Bd3 a5 9. 0-0 fxe5 10. dxe5 g6 11. Nc3 Bg7 12. Nb5 Nxe5 13. Nxe5 Bxe5 14. Be3 Qd8 15. Qe2 Ne7 16. Bg5 Bb8 17. Rac1 0-0 18. Rxc8 Qxc8 19. Bxe7 Rf7 20. Bg5 e5 21. Rc1 Qd7 22. Rd1 Qe6 23. Bb1 e4 24. Ba2 Rd7 25. Be3 Be5 26. Bd4 Rad8 27. Nc3 Kf8 28. Bc5+ Kg7 29. g3 Bf6 30. Nb5 Qa6 31. a4 h6 32. Bd4 Bxd4 33. Rxd4 Qc6 34. Qd2 g5 35. Nc3 Kg6 36. Bxd5 Qc7 37. Rxe4 Qd6 38. Qe3 Kg7 39. Re6 Qb4 40. Qe5+ Kh7 41. Qf5+ 1-0

[Event "Asuncion Club Centenario op"]
[Site "Asuncion"]
[Date "2011.10.08"]
[Round "5.1"]
[White "Diaz, Ramon"]
[Black "Alarcon, Jose"]
[Result "1/2-1/2"]
[WhiteElo "1885"]
[BlackElo "1849"]
[PlyCount "151"]
[EventDate "2011.09.29"]
[EventType "swiss"]
[EventRounds "7"]
[EventCountry "PAR"]
[SourceTitle "EXT 2023"]
[Source "ChessBase"]
[SourceDate "2022.10.05"]
[SourceVersion "1"]
[SourceVersionDate "2022.10.05"]
[SourceQuality "1"]

1. e4 c5 2. Nf3 d6 3. d4 cxd4 4. Nxd4 Nf6 5. Nc3 g6 6. Be2 Bg7 7. 0-0 0-0 8. Be3 Nc6 9. Qd2 Bd7 10. Rad1 Nxd4 11. Bxd4 Bc6 12. e5 dxe5 13. Bxe5 Qa5 14. Qe3 b5 15. a3 b4 16. axb4 Qxb4 17. f4 Qb7 18. Bf3 Bxf3 19. Qxf3 Qxb2 20. Nd5 Qxc2 21. Nxe7+ Kh8 22. Rc1 Qa2 23. Rc6 Ne8 24. Ra1 Qd2 25. Rd1 Qb4 26. Nd5 Qa4 27. Bxg7+ Nxg7 28. Nf6 Rad8 29. Rdc1 Qd4+ 30. Qf2 Ne6 31. f5 Qxf2+ 32. Kxf2 Nd4 33. Ra6 Nxf5 34. Rxa7 Rd2+ 35. Kf3 Kg7 36. Ne4 Rd3+ 37. Kf2 h6 38. Rcc7 Rd4 39. Nc5 Rd2+ 40. Ke1 Rd6 41. Kf2 Nd4 42. Ne4 Re6 43. Re7 Rxe7 44. Rxe7 Nf5 45. Rd7 Re8 46. Nd6 Nxd6 47. Rxd6 g5 48. Kf3 Re6 49. Rd7 Kg6 50. g4 Rf6+ 51. Kg3 h5 52. gxh5+ Kxh5 53. Rd5 Rf4 54. Rd8 Rg4+ 55. Kf3 f5 56. Rh8+ Kg6 57. Rg8+ Kf7 58. Ra8 Rh4 59. Ra7+ Kg6 60. Kg2 g4 61. Ra8 Rh3 62. Rg8+ Kf6 63. Ra8 Rc3 64. Ra2 Kg5 65. Ra5 Re3 66. Rb5 Kf4 67. Rb4+ Re4 68. Rb2 Rd4 69. Rf2+ Ke4 70. h3 gxh3+ 71. Kxh3 f4 72. Kg4 Ke5 73. Re2+ Re4 74. Rg2 Rd4 75. Re2+ Kd5 76. Kf3 1/2-1/2

[Event "Asuncion Prieto Memorial op"]
[Site "Asuncion"]
[Date "2011.01.14"]
[Round "9"]
[White "Diaz, Ramon"]
[Black "Rezende, Guilherme Vilela"]
[Result "1/2-1/2"]
[WhiteElo "1861"]
[BlackElo "1975"]
[PlyCount "97"]
[EventDate "2011.01.06"]
[EventType "swiss"]
[EventRounds "9"]
[EventCountry "PAR"]
[SourceTitle "EXT 2012"]
[Source "ChessBase"]
[SourceDate "2011.11.24"]
[SourceVersion "1"]
[SourceVersionDate "2011.11.24"]
[SourceQuality "1"]

1. e4 c5 2. Nf3 e6 3. d4 cxd4 4. Nxd4 a6 5. Nc3 Qc7 6. Be2 b5 7. 0-0 Bb7 8. a3 Nf6 9. Bf3 d6 10. g3 Be7 11. Bg2 Nbd7 12. Re1 0-0 13. f4 Rfe8 14. g4 d5 15. e5 Ne4 16. Nxe4 dxe4 17. Bxe4 Bxe4 18. Rxe4 Bc5 19. c3 Rad8 20. Qe2 Ba7 21. Qf2 Nc5 22. Re3 Nb3 23. Nxb3 Rd1+ 24. Kg2 Bxe3 25. Bxe3 Rxa1 26. Nxa1 Rd8 27. Nc2 Rd1 28. Qf3 Rd8 29. Bd4 Qc4 30. Ne3 Qd3 31. Kg3 a5 32. Bb6 Rf8 33. Bxa5 h5 34. g5 Qd2 35. h4 Qxb2 36. Qxh5 Ra8 37. Bb4 Rd8 38. g6 fxg6 39. Qxg6 Qd2 40. Qxe6+ Kh8 41. Kf3 Rd3 42. Qb6 Qd1+ 43. Ke4 Qb1 44. Kf3 Qf1+ 45. Ke4 Qb1 46. Qxb5 Rd6+ 47. Kf3 Qh1+ 48. Kg4 Qg1+ 49. Kf3 1/2-1/2